Recherches dialectiques /

Gespeichert in:
Bibliographische Detailangaben
1. Verfasser: Goldmann, Lucien (autor)
Format: Buch
Sprache:Französisch
Veröffentlicht: París, Francia : Gallimard, 1967, c1959
Schriftenreihe:(Bibliothèque des Idées)
Schlagworte:
Tags: Tag hinzufügen
Keine Tags, Fügen Sie das erste Tag hinzu!

MARC

LEADER 00000nam^a2200000^a^4500
001 000172758
005 20250521000000.0
009 20260310101429.676
037 |a Acervo ITESO - Biblioteca 
041 |a FRA 
082 |a 146. 32  |b GOL 
100 |a Goldmann, Lucien  |e (autor) 
245 1 0 |a Recherches dialectiques /  |c L. Goldmann. 
264 4 |a París, Francia :  |b Gallimard,  |c 1967, c1959 
300 |a 356 p. 
336 |a texto  |b txt  |2 rdacontenido 
337 |a sin mediación  |b n  |2 rdamedio 
338 |a volumen  |b nc  |2 rdasoporte 
440 1 |a (Bibliothèque des Idées) 
649 |a XX 
650 |a Psicólogos Suizos 
650 |a Escritores Austríacos 
650 |a Etica 
650 |a Conducta de Vida 
650 |a Ideología 
650 |a Novela Española -  |x Historia y Crítica 
650 |a Literatura Española -  |x Historia y Crítica 
650 |a Literatura Española -  |y Siglo XX 
650 |a Sátira Austríaca -  |x Historia y Crítca 
650 |a Literatura Austríaca -  |x Historia y Crítica 
650 |a Literatura Austríaca -  |y Siglo XX 
650 |a Literatura -  |x Historia y Crítica 
650 |a Cultura -  |x Historia 
650 |a Literatura y Etica 
650 |a Metodología 
650 |a Estructuralismo 
650 |a Epistemología 
650 |a Economía 
650 |a Psicología 
650 |a Sociología 
650 |a Materialismo Histórico y Dialéctico 
650 |a Filosofía del Siglo XX 
650 |a Filosofía -  |x Historia y Crítica 
650 |a Marxismo 
650 |a Piaget, Jean 
650 |a Kraus, Karl 
650 |a Lukács, Georg 
910 |a Fondo Armando Suárez Gómez 
920 |a Impresos - Libros 
930 |a Fondos Especiales 
905 |a 111 
901 |a 0700000753  |b IT2  |c ESP  |u 20250521 
902 |a https://opac.biblio.iteso.mx/vufind/Record/000172758